[Event "Calgary March of Kings"]
[Site "Calgary"]
[Date "2010.03.06"]
[Round "2"]
[White "Orr, Douglas"]
[Black "Razzaq, Ali"]
[Result "0-1"]
[WhiteElo "1417"]
[BlackElo "1836"]
[PlyCount "84"]
[EventDate "2010.03.06"]
[EventType "swiss"]
[EventRounds "5"]
[EventCountry "CAN"]
[SourceTitle "EXT 2011"]
[Source "ChessBase"]
[SourceDate "2010.11.26"]
[SourceVersion "1"]
[SourceVersionDate "2010.11.26"]
[SourceQuality "1"]

1. e4 c6 2. d4 d5 3. exd5 cxd5 4. Nf3 Nf6 5. Nc3 Nc6 6. Bf4 Bg4 7. Be2 e6 8. 0-0 Bxf3 9. Bxf3 Qb6 10. Ne2 Be7 11. Qd3 0-0 12. Qb3 Rfc8 13. c3 Na5 14. Qxb6 axb6 15. b3 b5 16. Rfc1 Ba3 17. Rc2 b4 18. Bd6 Rc6 19. Be7 Re8 20. Bxf6 gxf6 21. c4 Rc7 22. c5 Rec8 23. Nc1 Nc6 24. Ne2 Nb8 25. Nf4 b6 26. Nh5 bxc5 27. Rxc5 Nd7 28. Rxc7 Rxc7 29. Re1 Rc2 30. Bxd5 exd5 31. Re8+ Nf8 32. Nxf6+ Kg7 33. Nh5+ Kh6 34. g4 Ne6 35. Nf6 Bb2 36. Ng8+ Kg5 37. Ne7 Nf4 38. Rg8+ Kh4 39. Nf5+ Kh3 40. Ne3 Rc1+ 41. Nf1 Ne2+ 42. Kh1 Rxf1# 0-1

[Event "Canadian op"]
[Site "Edmonton"]
[Date "2009.07.18"]
[Round "8"]
[White "Orr, Douglas"]
[Black "Green, Leah"]
[Result "1-0"]
[WhiteElo "1424"]
[BlackElo "1298"]
[PlyCount "125"]
[EventDate "2009.07.11"]
[EventType "swiss"]
[EventRounds "9"]
[EventCountry "CAN"]
[SourceTitle "CBM 132 Extra"]
[Source "ChessBase"]
[SourceDate "2009.11.03"]
[SourceVersion "1"]
[SourceVersionDate "2009.11.03"]
[SourceQuality "1"]

1. d4 d5 2. c4 Nf6 3. Nc3 Nc6 4. Nf3 Bg4 5. cxd5 Nxd5 6. Nxd5 Qxd5 7. e3 e6 8. h3 Bb4+ 9. Bd2 Bxd2+ 10. Qxd2 Bxf3 11. gxf3 Qxf3 12. Rg1 g6 13. Bg2 Qh5 14. Rc1 Qb5 15. Rc5 Qa6 16. a3 0-0-0 17. Bf1 Qa5 18. Rxa5 Nxa5 19. Qxa5 Kb8 20. Bg2 Rd6 21. Ke2 Rb6 22. Rb1 Rd8 23. Qe5 a6 24. b4 Rd7 25. Qh8+ Ka7 26. Qc8 Rdd6 27. Rc1 Rb5 28. Rxc7 Rdb6 29. Rxf7 h5 30. Rxb7+ Rxb7 31. Bxb7 Rxb7 32. Qc5+ Rb6 33. a4 Kb7 34. Qe7+ Ka8 35. Qc5 Rb7 36. Qc6 Kb8 37. Qe8+ Ka7 38. b5 axb5 39. axb5 Rb6 40. Qe7+ Rb7 41. Qc5+ Rb6 42. Kf3 Kb7 43. Kf4 h4 44. Kg5 Ka7 45. Kxh4 g5+ 46. Kxg5 e5 47. dxe5 Ka8 48. e6 Kb7 49. Qxb6+ Kxb6 50. e7 Kb7 51. e8Q Kb6 52. Qd7 Ka5 53. Qb7 Ka4 54. Qd5 Kb4 55. Qd4+ Kxb5 56. Kf5 Kc6 57. Ke5 Kc7 58. Qd6+ Kc8 59. Kd5 Kb7 60. Qc6+ Ka7 61. Qb5 Ka8 62. Kc6 Ka7 63. Qb7# 1-0

[Event "Canadian op"]
[Site "Edmonton"]
[Date "2009.07.14"]
[Round "4.99"]
[White "Orr, Douglas"]
[Black "Durupala, Rishi"]
[Result "1-0"]
[WhiteElo "1424"]
[BlackElo "1075"]
[PlyCount "86"]
[EventDate "2009.07.11"]
[EventType "swiss"]
[EventRounds "9"]
[EventCountry "CAN"]
[SourceTitle "EXT 2022"]
[Source "ChessBase"]
[SourceDate "2021.10.06"]
[SourceVersion "1"]
[SourceVersionDate "2021.10.06"]
[SourceQuality "1"]

1. e4 e5 2. Nf3 Nf6 3. Nc3 Nc6 4. Bc4 Nxe4 5. Qe2 Nxc3 6. bxc3 d6 7. d4 Qe7 8. h3 exd4 9. Nxd4 Qxe2+ 10. Nxe2 Be6 11. Bxe6 fxe6 12. Bb2 e5 13. 0-0 0-0-0 14. f4 g6 15. fxe5 dxe5 16. Rad1 Bg7 17. Ng3 Rxd1 18. Rxd1 Rd8 19. Rd3 Rxd3 20. cxd3 Kd7 21. Ne4 b6 22. Kf2 Ke6 23. g4 h5 24. Kf3 hxg4+ 25. Kxg4 Bh6 26. a3 Ne7 27. c4 Nf5 28. Nc3 c5 29. Nb5 a5 30. Nc7+ Kd7 31. Nd5 Kc6 32. Bxe5 Ne3+ 33. Nxe3 Bxe3 34. a4 Bd4 35. Bxd4 cxd4 36. Kg5 Kc5 37. Kxg6 Kb4 38. h4 Kc3 39. h5 Kxd3 40. h6 Kxc4 41. h7 d3 42. h8Q d2 43. Qc8+ Kb4 1-0